Culture Générale - Série 2710 - Statistiques

Statistiques générales
  • Ce quiz a été pris 59 fois
  • Le résultat moyen est 3 sur 10
Statistiques - réponses
Question Réponse % Correct
A quel pays le Groenland est-il rattaché ? Danemark
94%
C'est un dos d'âne ou une commune des Bouches-du-Rhône cassis
54%
Chemin divisant les forêts en parcelles et permettant le passage de voitures ou de chariots de transport de bois ou femelle du sanglier laie
43%
Quelle capitale européenne s'est appelée Christiania de 1624 à 1924 ? Oslo
39%
La Légende des siècles est considérée comme le chef-d'œuvre poétique de .... (prénom et nom) Victor Hugo
26%
Dans la mythologie grecque c'est un jeune berger de Sicile, fils du dieu Pan et de la nymphe Symaethis (de), et l'amant de Galatée, une des Néréides (nymphe marine), fille de Nérée et de Doris. Mais Acis fut victime de la jalousie du cyclope Polyphème, également amoureux de Galatée mais disqualifié par ses traits monstrueux. Acis
22%
Souvent qualifiée de “plus belle rivière de France,”elle traverse Quimper avant de serpenter vers l'océan pour se jeter dans l'Atlantique à Bénodet Odet
17%
1. Du xve au xviie s., cavalier allemand mercenaire de la France. · 2. Littéraire. Soldat brutal ; soudard.- 6 lettres commençant par "r" reitre
11%
Qui est la première personne à être entrée au Panthéon... et la première à en être sortie ! Mirabeau
7%
Dans les années 1980, elle était la base la plus importante de la flotte du Nord où elle accueillait la moitié des sous-marins russes et les deux-tiers de ses sous-marins nucléaires. Mourmansk
6%
Aucun quiz correspondant
Distribution des résultats
% des personnes avec chaque résultat
Percentile par nombre de réponses
Votre historique - résultats
Vous n’avez pas pris ce quiz